00366 a2200145 4500003000400000005001700004008004100021020001800062040000900080082002000089100002500109245003700134260003300171300001600204OSt20231028135926.0231028b |||||||| |||| 00| 0 eng d a9789353908829 coclc a894.8121bMUL/K aMullambath, Nandanan a KOMANGA /cNandanan Mullambath aKottayam:bD C Books,c2021. a80p,c21 cm